| 000 | 00383nam a2200157Ia 4500 | ||
|---|---|---|---|
| 008 | 230711s9999||||xx |||||||||||||| ||und|| | ||
| 041 | _aENG | ||
| 082 |
_a621.381 _bDI-W |
||
| 100 | _aDixit.Vipul | ||
| 245 | 0 | _aWireless communication | |
| 250 | _a1st Ed. | ||
| 260 |
_c2011 _aDelhi _bDhanpat Rai & Co.(Pvt.)Ltd. |
||
| 300 | _a392 | ||
| 650 | _aElectronics Engineering | ||
| 942 | _cBK | ||
| 999 |
_c5646 _d5646 |
||